000 01377cab a2200337 4500
001 ABS58874
008 090401t1998 xxu||||| |||| 00| 0 eng d
035 _a(Sirsi) u87028
041 _aeng
100 _aMorgan, J.F.W.
245 4 _aThe natural history of professionalism and its effects on valuation theory and practice in the UK and Germany
260 _c1998
350 _a0
490 _aJournal of Property Valuation and Investment
_v16(2) 1998, 185-206(22)
520 _aReviews research that shows that the differences in valuation theory and practice in the UK and Germany are largely attributable to the different evolution of the professions generally in England and Germany. Examines the evolution of the professions in both countries and, the differences between the valuation professions and their effects on valuation theory and practice. References.
650 _aCAPITAL VALUE
650 _aDEPRECIATED REPLACEMENT COST
650 _aGERMANY
650 _aINDUSTRIAL REVOLUTION
650 _aINVESTMENT METHOD
650 _aLEGAL SYSTEM
650 _aPOLITICAL SYSTEM
650 _aPROFESSIONS
650 _aRICS
650 _aSOCIOLOGY
650 _aUNITED KINGDOM
650 _aVALUATION METHODOLOGY
690 _aPROPERTY-COMMERCIAL PROPERTY-COMMERCIAL PROPERTY APPRAISAL AND VALUATION
942 _n0
948 _c25/06/1998
999 _c54826
_d54826